Statistics for Geography by Picture - M

Click here to take the quiz!

General Stats

  • This quiz has been taken 35,194 times
    (35,141 since last reset)
  • The average score is 12 of 18

Answer Stats

Answer% Correct
Moscow
93%
Mexico
91%
Mecca
88%
Munich
87%
Mandarin
83%
Malaysia
82%
Manhattan
75%
Massachusetts
73%
Madagascar
72%
Midwest
68%
Myanmar
66%
Mekong
61%
Milan
53%
Macau
49%
Meander
44%
Madrid
40%
{Monument} Valley
32%
Mews
17%

Score Distribution

Percentile by Number Answered

Percent of People with Each Score

Your Score History

You have not taken this quiz since the last reset